000 00485nam a22001817a 4500
003 CEME
005 20210628203024.0
008 210128b xxu||||| |||| 00| 0 eng d
020 _a978818606499721
040 _c.
082 _a950.2 HAR
100 _aHartog, Leo De
_962918
245 _aGenghis khan ,conqueror of the world
260 _aGREAT BRITIAN
_bROUTELDGE
_c2008
300 _a230P
650 _aBIOGRAPHY-GENGHIS KHAN.BIOGRAPHY-CHENGHIS KHAN
_962919
942 _cBK
_2ddc
999 _c571870
_d571870